logo

Bir Sreshtho Munshi Abdur Rouf Library
Jhenaidah Cadet College

Pragati's Classical Mechanics / (Record no. 8297)

MARC details
000 -LEADER
fixed length control field 00726nam a2200289 a 4500
001 - CONTROL NUMBER
JCCL Control Number 8297
003 - CONTROL NUMBER IDENTIFIER
JCCL marc code BD-JhCC
005 - DATE AND TIME OF LATEST TRANSACTION
control field 20180709104534.0
008 - FIXED-LENGTH DATA ELEMENTS--GENERAL INFORMATION
fixed length control field 180220s2000 ii a|||| || | 001 0 eng d
020 ## - INTERNATIONAL STANDARD BOOK NUMBER
International Standard Book Number 8175562127
035 ## - SYSTEM CONTROL NUMBER
system control number (BD-JhCC)8297
040 ## - CATALOGING SOURCE
Original cataloging agency BD-JhCC
Modifying agency BD-JhCC
041 ## - LANGUAGE CODE
Language code of Book eng
082 ## - DEWEY DECIMAL CLASSIFICATION NUMBER
Classification number 531
Author mark and Year GUP 2000
100 ## - MAIN ENTRY--PERSONAL NAME
Personal name Gupta, S. L.
245 ## - TITLE STATEMENT
Title Pragati's Classical Mechanics /
Statement of responsibility, etc S. L. Gupta, V. Kumar, H. V. Sharma
250 ## - EDITION STATEMENT
Edition statement 7th ed.
260 ## - PUBLICATION, DISTRIBUTION, ETC. (IMPRINT)
Place of publication, distribution, etc Delhi :
Name of publisher, distributor, etc Pragati Prakashan,
Date of publication, distribution, etc 2000
300 ## - PHYSICAL DESCRIPTION
Pagination 415p. :
Other physical details ill. ;
Dimensions 20 cm.
504 ## - BIBLIOGRAPHY, ETC. NOTE
Bibliography, etc Includes Index
650 ## - SUBJECT ADDED ENTRY--TOPICAL TERM
Topical term or geographic name as entry element Physics
650 ## - SUBJECT ADDED ENTRY--TOPICAL TERM
Topical term or geographic name as entry element Mechanics
700 ## - ADDED ENTRY--PERSONAL NAME
Personal name Kumar, V.
700 ## - ADDED ENTRY--PERSONAL NAME
Personal name Sharma, H. V.
942 ## - ADDED ENTRY ELEMENTS (KOHA)
Source of classification or shelving scheme Dewey Decimal Classification
Koha item type Books
Holdings
Source of classification or shelving scheme Damaged status Not for loan Home library Current library Shelving location Date of accession Total Checkouts Full call number Barcode Date last seen Date checked out Copy number Koha item type
Dewey Decimal Classification     JCC Rouf Library JCC Rouf Library General Stacks 05/24/2023 1 531 GUP 2000 10885 06/18/2023 05/24/2023 C-1 Books

JCC Library | Contacts | JCC Home

Last Update on 23 September 2017
Copyright @ 2017-2020 JCC Rouf Library
Rouf Library, Jhenidah Cadet College (JCC), Bangladesh